О структуре конформно инвариантных моделей в одномерном пространстве; Известия Томского политехнического университета [Известия ТПУ]; Т. 309, № 6

Detaylı Bibliyografya
Parent link:Известия Томского политехнического университета [Известия ТПУ]/ Томский политехнический университет (ТПУ).— , 2000-
Т. 309, № 6.— 2006.— [С. 14-16]
Yazar: Галажинский А. В. Антон Владимирович
Diğer Yazarlar: Лехтенфельд О., Половников К. В. Кирилл Викторович
Özet:Заглавие с титульного листа
Электронная версия печатной публикации
Изучается общая структура конформно инвариантной квантовой механики в одномерном пространстве. Исследуется поведение системы относительно унитарных преобразований, генерируемых конформной алгеброй. Строится унитарное преобразование, посредством которого любая конформно инвариантная квантовая механика в одном измерении может быть преобразована в свободную систему, с нелокально реализованной полной конформной симметрией.
Dil:Rusça
Baskı/Yayın Bilgisi: 2006
Seri Bilgileri:Естественные науки
Konular:
Online Erişim:http://www.lib.tpu.ru/fulltext/v/Bulletin_TPU/2006/v309/i6/03.pdf
Materyal Türü: MixedMaterials Elektronik Kitap Bölümü
KOHA link:https://koha.lib.tpu.ru/cgi-bin/koha/opac-detail.pl?biblionumber=171588

MARC

LEADER 00000nla2a2200000 4500
001 171588
005 20231218115123.0
035 |a (RuTPU)RU\TPU\book\186046 
035 |a RU\TPU\book\186043 
090 |a 171588 
100 |a 20091207d2006 k y0rusy50 ca 
101 0 |a rus 
102 |a RU 
135 |a drnn ---uucaa 
181 0 |a i  
182 0 |a b 
200 1 |a О структуре конформно инвариантных моделей в одномерном пространстве  |f А. В. Галажинский, О. Лехтенфельд, К. В. Половников 
203 |a Текст  |c электронный 
215 |a 1 файл (295 Кб) 
225 1 |a Естественные науки 
300 |a Заглавие с титульного листа 
300 |a Электронная версия печатной публикации 
320 |a [Библиогр.: с. 16 (24 назв.)] 
330 |a Изучается общая структура конформно инвариантной квантовой механики в одномерном пространстве. Исследуется поведение системы относительно унитарных преобразований, генерируемых конформной алгеброй. Строится унитарное преобразование, посредством которого любая конформно инвариантная квантовая механика в одном измерении может быть преобразована в свободную систему, с нелокально реализованной полной конформной симметрией. 
337 |a Adobe Reader 
461 1 |0 (RuTPU)RU\TPU\book\176237  |t Известия Томского политехнического университета [Известия ТПУ]  |f Томский политехнический университет (ТПУ)  |d 2000- 
463 1 |0 (RuTPU)RU\TPU\book\186033  |t Т. 309, № 6  |v [С. 14-16]  |d 2006  |p 256 с. 
610 1 |a структуры 
610 1 |a инвариантные модели 
610 1 |a одномерное пространство 
610 1 |a квантовая механика 
610 1 |a унитарные преобразования 
610 1 |a конформная алгебра 
610 1 |a свободные системы 
610 1 |a конформная симметрия 
610 1 |a труды учёных ТПУ 
610 1 |a электронный ресурс 
700 1 |a Галажинский  |b А. В.  |c физик  |c доктор физико-математических наук, профессор кафедры высшей математики и математической физики физико-технического института (ВМиМФ ФТИ) Томского политехнического университета  |f 1971-  |g Антон Владимирович  |3 (RuTPU)RU\TPU\pers\26711  |4 070  |9 12369 
701 1 |a Лехтенфельд  |b О. 
701 1 |a Половников  |b К. В.  |c математик  |c старший преподаватель, эксперт Томского политехнического университета, кандидат физико-математических наук  |f 1984-  |g Кирилл Викторович  |3 (RuTPU)RU\TPU\pers\31229 
801 1 |a RU  |b 63413507  |c 20090623  |g PSBO 
801 2 |a RU  |b 63413507  |c 20211110  |g PSBO 
856 4 |u http://www.lib.tpu.ru/fulltext/v/Bulletin_TPU/2006/v309/i6/03.pdf 
942 |c CF